000 01310naa a22003257a 4500
001 BR4200136
003 BR-BrBNA
005 20240918172803.0
007 ta
008 230509b bl.||||| |||| 00| 0 por d
040 _aBR-BrBNA
_bpor
_cBiblioteca Nacional de Agricultura
041 _a(Pt)
072 _aK50
_b3290
_b8913
_b3575
090 _aK50 BR4200136
100 1 _aMachado, A.
100 1 _aPeixoto, A. da S.
111 1 _a3. Congresso Sul-Americano de Quimica
_cRio de Janeiro, GB (Brazil); Sao Paulo, SP (Brazil)
_d8 Jul 1937
245 1 _aEstudo quimico e aplicacoes da resina e essencia do ptorodon pubescens, Benth [Sucupira; Analise quimica]
260 3 _aRio de Janeiro, GB (Brasil):
_c1942.
500 _aIndustrias quimicas organicas, materias primas correspondentes, estatisticas, industrias de fermentacao Rio de Janeiro, GB (Brasil): 1942. p. 143-151 (BR4200136-AM)K50
650 _aIndustria florestal
650 _aSucupira
650 _aSemente
650 _aResina
650 _aEssencia
650 _aAnalise quimica
773 0 _tIndustrias quimicas organicas, materias primas correspondentes, estatisticas, industrias de fermentacao
_b
_wK50 BR4200136
_gRio de Janeiro, GB (Brasil), 1942. p. 143-151
909 _a202404
_bLucia
_c55
_dLucia Elande
942 _cAM
_2AGRIS
999 _c301498
_d301498